Sunday trading (Record no. 115536)
[ view plain ]
| 000 -LEADER | |
|---|---|
| fixed length control field | 01490cam a22002415a 4500 |
| 001 - CONTROL NUMBER | |
| control field | L158839 |
| 008 - FIXED-LENGTH DATA ELEMENTS--GENERAL INFORMATION | |
| fixed length control field | 150809s2015 xxk f 000 0 eng d |
| 035 ## - SYSTEM CONTROL NUMBER | |
| System control number | (Sirsi) u158839 |
| 041 0# - LANGUAGE CODE | |
| Language code of text/sound track or separate title | eng |
| 110 2# - MAIN ENTRY--CORPORATE NAME | |
| Corporate name or jurisdiction name as entry element | United Kingdom |
| Subordinate unit | Department for Business, Innovation and Skills |
| 9 (RLIN) | 5760 |
| 245 00 - TITLE STATEMENT | |
| Title | Sunday trading |
| Remainder of title | Consultation on devolving Sunday trading rules |
| Medium | [electronic resource] |
| 260 ## - PUBLICATION, DISTRIBUTION, ETC. | |
| Place of publication, distribution, etc. | London |
| Name of publisher, distributor, etc. | BIS |
| Date of publication, distribution, etc. | 2015 |
| 520 ## - SUMMARY, ETC. | |
| Summary, etc. | Consultation on proposals to devolve Sunday trading rules in England to local areas, such as cities run by elected mayors and/or local authorities. This would give them greater control of their local economy and improve the wellbeing of local citizens. There are no plans to make any changes to the restrictons on trading on Christmas Day or Easter Sunday. Currently under the Sunday Trading Act 1994 stores with a relevant floor area of over 280 square metres / 3000 square feet (large stores) have restricted opening hours on a Sunday, but smaller stores can open all day. |
| 590 ## - LOCAL NOTE (RLIN) | |
| Local note | KA |
| 650 24 - SUBJECT ADDED ENTRY--TOPICAL TERM | |
| Topical term or geographic name entry element | SUNDAY TRADING ACT 1994 |
| 650 24 - SUBJECT ADDED ENTRY--TOPICAL TERM | |
| Topical term or geographic name entry element | DEVOLUTION |
| 650 24 - SUBJECT ADDED ENTRY--TOPICAL TERM | |
| Topical term or geographic name entry element | RETAIL |
| 651 #4 - SUBJECT ADDED ENTRY--GEOGRAPHIC NAME | |
| Geographic name | England |
| Chronological subdivision | 886- |
| 690 ## - LOCAL SUBJECT ADDED ENTRY--TOPICAL TERM (OCLC, RLIN) | |
| Topical term or geographic name as entry element | Commercial property |
| 9 (RLIN) | 6227 |
| 710 1# - ADDED ENTRY--CORPORATE NAME | |
| Corporate name or jurisdiction name as entry element | United Kingdom |
| Subordinate unit | Department for Communities and Local Government |
| 9 (RLIN) | 4939 |
| 856 40 - ELECTRONIC LOCATION AND ACCESS | |
| Uniform Resource Identifier | <a href="https://www.gov.uk/government/uploads/system/uploads/attachment_data/file/451376/BIS-15-359-consultation-on-devolving-sunday-trading-rules.pdf">https://www.gov.uk/government/uploads/system/uploads/attachment_data/file/451376/BIS-15-359-consultation-on-devolving-sunday-trading-rules.pdf</a> |
| Public note | View the item free of charge from the www.gov.uk |
| 942 ## - ADDED ENTRY ELEMENTS (KOHA) | |
| Suppress in OPAC | 0 |
| Withdrawn status | Lost status | Source of classification or shelving scheme | Damaged status | Not for loan | Home library | Current library | Shelving location | Date acquired | Total Checkouts | Full call number | Barcode | Date last seen | Copy number | Price effective from | Koha item type |
|---|---|---|---|---|---|---|---|---|---|---|---|---|---|---|---|
| Dewey Decimal Classification | Virtual | Virtual | Online | 09/08/2015 | ONLINE PUBLICATION | 158839-2001 | 06/08/2019 | 1 | 06/08/2019 | Book |